[Event "262nd YMCA Summer B"]
[Site "Warsaw"]
[Date "2022.07.04"]
[Round "1"]
[White "Berdyga, Mariusz"]
[Black "Przybylik, Mariusz"]
[Result "1-0"]
[WhiteElo "1401"]
[BlackElo "1058"]
[PlyCount "132"]
[EventDate "2022.06.29"]
[EventType "tourn"]
[EventRounds "1"]
[EventCountry "POL"]
[SourceDate "2022.07.01"]

1. d4 d5 2. Nc3 Nf6 3. Bf4 Bd7 4. f3 e6 5. e4 dxe4 6. fxe4 Bb4 7. Bd3 O-O 8.
Nge2 c5 9. Bd6 Re8 10. dxc5 b6 11. cxb6 Qxb6 12. Bxb4 Qxb4 13. O-O Qxb2 14. Rb1
Qa3 15. Kh1 e5 16. Rb3 Qc5 17. Nd5 Nxd5 18. exd5 e4 19. Rc3 Qxd5 20. Bc4 Qxd1
21. Rxd1 Bg4 22. Bd5 Bxe2 23. Rd2 Na6 24. Bxa8 Rxa8 25. Rxe2 Rd8 26. g4 Re8 27.
Rxe4 Rd8 28. Rc6 Nb8 29. Rd6 Rc8 30. c4 g6 31. c5 Nc6 32. Rd5 Kf8 33. Kg2 Rc7
34. Kg3 Ne7 35. Rd8+ Kg7 36. Rc4 Nc6 37. Rd6 Ne5 38. Rc2 Nc6 39. a3 Kf8 40. g5
Ke7 41. Re2+ Kf8 42. h4 Ne7 43. Rd8+ Kg7 44. Rc2 Nf5+ 45. Kh3 Rc6 46. Rd7 a6
47. a4 h6 48. Rb7 hxg5 49. hxg5 Ne3 50. Rb6 Rc7 51. Rc1 Nd5 52. Rxa6 Nb4 53.
Ra5 Nc6 54. Rb5 Nd4 55. Rc4 Nc6 56. a5 Ne5 57. Rc2 f6 58. a6 Nc6 59. Rb7 Rxb7
60. axb7 fxg5 61. Rf2 Nb8 62. Kg4 Nc6 63. Kxg5 Nb8 64. Rf6 Nd7 65. Rc6 Kf8 66.
b8=Q+ Nxb8 1-0

[Event "262nd YMCA Summer B"]
[Site "Warsaw"]
[Date "2022.06.29"]
[Round "1"]
[White "Kwiek, Janusz"]
[Black "Kozak, Jan"]
[Result "1-0"]
[WhiteElo "1432"]
[BlackElo "1303"]
[PlyCount "69"]
[EventDate "2022.06.29"]
[EventType "tourn"]
[EventRounds "1"]
[EventCountry "POL"]
[SourceDate "2022.07.01"]

1. Nf3 Nf6 2. c4 g6 3. g3 Bg7 4. Bg2 O-O 5. d4 c5 6. O-O Na6 7. Nc3 d6 8. Re1
Re8 9. e4 Bg4 10. h3 Bxf3 11. Bxf3 Rb8 12. Be3 Nd7 13. Rb1 cxd4 14. Bxd4 Ne5
15. Bg2 b6 16. f4 Nc6 17. Bxg7 Kxg7 18. e5 Qd7 19. a3 Nc7 20. Qa4 b5 21. cxb5
Nd8 22. Qxa7 Qc8 23. exd6 exd6 24. Qd4+ Kg8 25. Rxe8+ Nxe8 26. Re1 Ne6 27. Qe3
N8c7 28. a4 Nc5 29. Qe7 N7e6 30. Qxd6 Nxa4 31. Nxa4 Rxb5 32. Bc6 Qa6 33. Rxe6
fxe6 34. Qxe6+ Kg7 35. Qd7+ 1-0

[Event "262nd YMCA Summer B"]
[Site "Warsaw"]
[Date "2022.06.29"]
[Round "1"]
[White "Jaroszuk, Marcin"]
[Black "Iller, Robert"]
[Result "1-0"]
[WhiteElo "1483"]
[BlackElo "1481"]
[PlyCount "63"]
[EventDate "2022.06.29"]
[EventType "tourn"]
[EventRounds "1"]
[EventCountry "POL"]
[SourceDate "2022.07.01"]

1. d4 Nf6 2. Nf3 g6 3. g3 Bg7 4. Bg2 d5 5. O-O O-O 6. c4 c6 7. cxd5 cxd5 8. Nc3
Nc6 9. Ne5 e6 10. Nxc6 bxc6 11. Na4 Nd7 12. Bf4 e5 13. dxe5 Nxe5 14. Rc1 Bd7
15. Nc5 f5 16. Bxd5+ cxd5 17. Qxd5+ Nf7 18. Qxd7 Qxd7 19. Nxd7 Rfd8 20. Rc7
Bxb2 21. Rb1 Bd4 22. Rb4 Ba1 23. Rbb7 g5 24. Be3 Rdc8 25. Rxc8+ Rxc8 26. Rxa7
Rc2 27. a4 Rxe2 28. a5 f4 29. gxf4 gxf4 30. Bxf4 Bd4 31. Ra8+ Kg7 32. Bg3 1-0

[Event "262nd YMCA Summer B"]
[Site "Warsaw"]
[Date "2022.07.07"]
[Round "2"]
[White "Iller, Robert"]
[Black "Zawadzki, Wojciech"]
[Result "1-0"]
[WhiteElo "1481"]
[BlackElo "1343"]
[PlyCount "65"]
[EventDate "2022.06.29"]
[EventType "tourn"]
[EventRounds "1"]
[EventCountry "POL"]
[SourceDate "2022.07.01"]

1. d4 Nf6 2. Bf4 e6 3. e3 c5 4. c3 Nc6 5. Nf3 d5 6. Bd3 Nh5 7. Bg3 Nxg3 8. hxg3
Qb6 9. Qc2 c4 10. Bxh7 Be7 11. Nh4 g6 12. Nxg6 Rxh7 13. Rxh7 fxg6 14. Qxg6+ Kd7
15. Nd2 Qxb2 16. Rb1 Qxc3 17. Rh8 Qa3 18. e4 dxe4 19. Qxe4 Qc3 20. Rd1 Nxd4 21.
f3 Nc2+ 22. Kf2 Qxh8 23. Nxc4+ Ke8 24. Qxc2 Bc5+ 25. Ke2 Qg7 26. Rh1 b6 27. Rh7
Qf6 28. Qe4 Rb8 29. Qc6+ Kd8 30. Qc7+ Ke8 31. Qxb8 Qd8 32. Qf4 Be7 33. Rh8+ 1-0

[Event "262nd YMCA Summer B"]
[Site "Warsaw"]
[Date "2022.07.01"]
[Round "2"]
[White "Kozak, Jan"]
[Black "Jaroszuk, Marcin"]
[Result "1/2-1/2"]
[WhiteElo "1303"]
[BlackElo "1483"]
[PlyCount "70"]
[EventDate "2022.06.29"]
[EventType "tourn"]
[EventRounds "1"]
[EventCountry "POL"]
[SourceDate "2022.07.01"]

1. f4 e5 2. fxe5 d6 3. exd6 Bxd6 4. Nf3 Nf6 5. e3 Ng4 6. d4 Nc6 7. Bd3 Nxh2 8.
Nc3 Bg4 9. Ne4 f5 10. Nxd6+ Qxd6 11. Be2 Qg3+ 12. Kd2 O-O-O 13. Qe1 f4 14. Qxg3
fxg3 15. Nxh2 Bxe2 16. Kxe2 gxh2 17. Rxh2 Rhe8 18. c3 h6 19. Bd2 Re7 20. Rf1
Rde8 21. g4 Nd8 22. Kd3 Ne6 23. e4 Rd7 24. Be3 Nc5+ 25. Kc4 $11 Nxe4 26. Bf4
Nf6 27. g5 hxg5 28. Bxg5 Ne4 29. Rg2 Nd6+ 30. Kd3 Nf7 31. Bf4 Nd6 32. Bxd6 cxd6
33. Rfg1 Ree7 34. Kc4 d5+ 35. Kd3 Kc7 $11 1/2-1/2

[Event "262nd YMCA Summer B"]
[Site "Warsaw"]
[Date "2022.07.26"]
[Round "2"]
[White "Berdyga, Mariusz"]
[Black "Kwiek, Janusz"]
[Result "0-1"]
[WhiteElo "1401"]
[BlackElo "1432"]
[PlyCount "104"]
[EventDate "2022.06.29"]
[EventType "tourn"]
[EventRounds "1"]
[EventCountry "POL"]
[SourceDate "2022.07.01"]

1. e4 d6 2. d4 e5 3. Nf3 exd4 4. Nxd4 Nf6 5. Nc3 Be7 6. g3 Bd7 7. Bg2 Nc6 8.
O-O O-O 9. h3 Qc8 10. g4 Nxd4 11. Qxd4 Bc6 12. Bg5 Re8 13. Rae1 Nd7 14. Bxe7
Rxe7 15. b4 a6 16. a4 b6 17. Nd5 Bxd5 18. exd5 Qe8 19. Qc3 Nf6 20. Rxe7 Qxe7
21. Re1 Qd7 22. g5 Nh5 23. Re4 g6 24. Bf1 Qf5 25. Qe3 Qxd5 26. Bg2 Qd1+ 27. Kh2
Rf8 28. Rc4 c5 29. Bf3 Qf1 30. Be2 Qe1 31. Rh4 Ng7 32. Bxa6 Qxe3 33. fxe3 Re8
34. bxc5 dxc5 35. e4 Rd8 36. Rg4 Rd2+ 37. Rg2 Rd4 38. c4 Ne6 39. Rb2 Rxe4 40.
Rxb6 Nxg5 41. Rc6 Ne6 42. Kg3 Kg7 43. Bb5 Re3+ 44. Kg2 Ra3 45. Ra6 g5 46. a5 h5
47. Bd7 Nf4+ 48. Kh2 h4 49. Ra8 Ra2+ 50. Kh1 Nd3 51. a6 Ne5 52. Bb5 Nf3 0-1

[Event "262nd YMCA Summer B"]
[Site "Warsaw"]
[Date "2022.07.06"]
[Round "3"]
[White "Kwiek, Janusz"]
[Black "Przybylik, Mariusz"]
[Result "0-1"]
[WhiteElo "1432"]
[BlackElo "1058"]
[PlyCount "104"]
[EventDate "2022.06.29"]
[EventType "tourn"]
[EventRounds "1"]
[EventCountry "POL"]
[SourceDate "2022.07.01"]

1. Nf3 Nf6 2. c4 c5 3. g3 g6 4. Bg2 Bg7 5. O-O O-O 6. Nc3 Nc6 7. d3 d6 8. Bd2
Bg4 9. h3 Bd7 10. Qc1 Qc8 11. Kh2 Re8 12. Re1 Nh5 13. Bh6 Ne5 14. Nxe5 Bxe5 15.
f4 Bg7 16. Bxg7 Nxg7 17. e4 Bc6 18. Qe3 a6 19. a4 Rb8 20. Rab1 Qd8 21. d4 cxd4
22. Qxd4 b5 23. axb5 axb5 24. cxb5 Bxb5 25. Nxb5 Rxb5 26. b4 Qb6 27. Red1 Rb8
28. Qxb6 R5xb6 29. Rd4 Rc8 30. b5 Rc2 31. Kg1 Ne6 32. Rdb4 Nc5 33. Bf1 Rc3 34.
Kf2 Rc2+ 35. Kf3 Rc3+ 36. Kf2 Rc2+ 37. Ke1 Rc3 38. Kf2 Rc2+ 39. Kf3 Rc3+ 40.
Kg4 Re3 41. Bg2 Ra3 42. Bf1 Re3 43. Bg2 Ra3 44. Rd1 Nd3 45. Rxd3 Rxd3 46. h4
Rc3 47. e5 dxe5 48. fxe5 Rc5 49. Bf1 Rxe5 50. Bd3 Re3 51. Bf1 h6 52. Kf4 Ree6
0-1

[Event "262nd YMCA Summer B"]
[Site "Warsaw"]
[Date "2022.07.06"]
[Round "3"]
[White "Jaroszuk, Marcin"]
[Black "Berdyga, Mariusz"]
[Result "1/2-1/2"]
[WhiteElo "1483"]
[BlackElo "1401"]
[PlyCount "45"]
[EventDate "2022.06.29"]
[EventType "tourn"]
[EventRounds "1"]
[EventCountry "POL"]
[SourceDate "2022.07.01"]

1. d4 d5 2. Nf3 Nf6 3. c4 c6 4. cxd5 cxd5 5. Nc3 Nc6 6. Bf4 Bf5 7. e3 e6 8. Bd3
Bxd3 9. Qxd3 Bd6 10. Bxd6 Qxd6 11. O-O O-O 12. Rfc1 h6 13. h3 Rfc8 14. Nd2 a6
15. a3 Nd7 16. Ne2 Ne7 17. Rc3 Rxc3 18. Qxc3 Rc8 19. Qd3 Nb6 20. Rc1 Rxc1+ 21.
Nxc1 Qc6 22. Qc3 Qxc3 23. bxc3 $11 1/2-1/2

[Event "262nd YMCA Summer B"]
[Site "Warsaw"]
[Date "2022.07.06"]
[Round "3"]
[White "Zawadzki, Wojciech"]
[Black "Kozak, Jan"]
[Result "0-1"]
[WhiteElo "1343"]
[BlackElo "1303"]
[PlyCount "50"]
[EventDate "2022.06.29"]
[EventType "tourn"]
[EventRounds "1"]
[EventCountry "POL"]
[SourceDate "2022.07.01"]

1. d4 Nf6 2. c4 c5 3. d5 d6 4. Nc3 g6 5. e4 Bg7 6. f4 O-O 7. Nf3 Bg4 8. Bd3
Nfd7 9. h3 Bxf3 10. Qxf3 e6 11. Be3 exd5 12. cxd5 Na6 13. a3 Nc7 14. O-O b5 15.
Bxb5 Nxb5 16. Nxb5 Qb6 17. a4 a6 18. Nc3 Qxb2 19. Ne2 f5 20. exf5 Rxf5 21. Ng3
Rf7 22. Ne4 Ne5 23. Qg3 Nc4 24. Rac1 Nxe3 25. Qxe3 Bd4 0-1

[Event "262nd YMCA Summer B"]
[Site "Warsaw"]
[Date "2022.07.01"]
[Round "4"]
[White "Przybylik, Mariusz"]
[Black "Iller, Robert"]
[Result "1/2-1/2"]
[WhiteElo "1058"]
[BlackElo "1481"]
[PlyCount "80"]
[EventDate "2022.06.29"]
[EventType "tourn"]
[EventRounds "1"]
[EventCountry "POL"]
[SourceDate "2022.07.01"]

1. d4 Nf6 2. Bf4 g6 3. e3 Bg7 4. Nf3 d5 5. c4 O-O 6. Be2 c5 7. O-O Qb6 8. Qb3
Nc6 9. dxc5 Qxc5 10. Nc3 dxc4 11. Qxc4 Qxc4 12. Bxc4 a6 13. Rac1 b5 14. Bd5
Nxd5 15. Nxd5 Bb7 16. Rxc6 Bxc6 17. Nxe7+ Kh8 18. Nxc6 Bxb2 19. Be5+ Bxe5 20.
Ncxe5 Kg7 21. h3 f6 22. Nc6 Rfe8 23. Rd1 Re4 24. Rd7+ Kg8 25. Nfd4 a5 26. Rd8+
Rxd8 27. Nxd8 f5 28. Kf1 f4 29. Nxb5 fxe3 30. fxe3 Rxe3 31. Nb7 Re4 32. Nxa5
Ra4 33. Nc6 Rxa2 34. Nbd4 Rb2 35. Nf3 Kg7 36. Ncd4 Ra2 37. Kg1 h6 38. Kh2 Rb2
39. Ne6+ Kf6 40. Ned4 Kg7 1/2-1/2

[Event "262nd YMCA Summer B"]
[Site "Warsaw"]
[Date "2022.07.08"]
[Round "4"]
[White "Berdyga, Mariusz"]
[Black "Zawadzki, Wojciech"]
[Result "1-0"]
[WhiteElo "1401"]
[BlackElo "1343"]
[PlyCount "171"]
[EventDate "2022.06.29"]
[EventType "tourn"]
[EventRounds "1"]
[EventCountry "POL"]
[SourceDate "2022.07.01"]

1. d4 Nf6 2. c4 g6 3. Nc3 Bg7 4. e4 d6 5. Nf3 O-O 6. Be2 e5 7. O-O Bg4 8. Bg5
h6 9. Bh4 g5 10. Bg3 Nh5 11. d5 Nxg3 12. fxg3 a5 13. Qc2 Na6 14. a3 Qb8 15. Ne1
Qa7+ 16. Kh1 Bxe2 17. Qxe2 Nc5 18. Nb5 Qb6 19. Nd3 Nb3 20. Rad1 Rad8 21. h4 c6
22. Nc3 Nd4 23. Qh5 f6 24. Ne2 Nxe2 25. Qxe2 Qb3 26. dxc6 bxc6 27. Rc1 a4 28.
Rf3 Qb6 29. Nb4 Qc7 30. Qd1 c5 31. Nd5 Qb7 32. Rb1 Qa6 33. Rc3 Rd7 34. Qg4 Rb7
35. Qe6+ Kh8 36. Ne7 Rfb8 37. Rd3 Qa8 38. Qxd6 Rxb2 39. Rxb2 Rxb2 40. Qd8+ Qxd8
41. Rxd8+ Kh7 42. Ra8 gxh4 43. gxh4 Re2 44. Nf5 Rxe4 45. Ra7 Rg4 46. Kh2 h5 47.
g3 Kg8 48. Ra8+ Kf7 49. Ra7+ Kf8 50. Ra8+ Kf7 51. Rxa4 Ke6 52. Ne3 Re4 53. Ra6+
Kf7 54. Nf5 Kg6 55. Ne7+ Kf7 56. Ra7 Bf8 57. Nd5+ Kg6 58. Nb6 Re2+ 59. Kg1 Kf5
60. Rf7 Bh6 61. Nd5 Kg4 62. Rxf6 Be3+ 63. Kf1 Ra2 64. Nxe3+ Kxg3 65. Ra6 Kf3
66. Nd1 e4 67. Rf6+ Kg3 68. Nc3 Rxa3 69. Nxe4+ Kxh4 70. Kf2 Kg4 71. Nxc5 Rc3
72. Rg6+ Kf5 73. Rg5+ Kf4 74. Ne6+ Ke4 75. c5 h4 76. Kg2 Rc2+ 77. Kh3 Rc1 78.
Kxh4 Rh1+ 79. Kg4 Rg1+ 80. Kh4 Rxg5 81. Kxg5 Kd5 82. Kf6 Kc6 83. Ke7 Kb7 84.
Kd7 Kb8 85. c6 Ka7 86. c7 1-0

[Event "262nd YMCA Summer B"]
[Site "Warsaw"]
[Date "2022.07.07"]
[Round "4"]
[White "Kwiek, Janusz"]
[Black "Jaroszuk, Marcin"]
[Result "1-0"]
[WhiteElo "1432"]
[BlackElo "1483"]
[PlyCount "109"]
[EventDate "2022.06.29"]
[EventType "tourn"]
[EventRounds "1"]
[EventCountry "POL"]
[SourceDate "2022.07.01"]

1. Nf3 e6 2. c4 Nf6 3. Nc3 d5 4. cxd5 exd5 5. d4 c6 6. g3 h6 7. Bg2 Bf5 8. O-O
Be7 9. Qb3 Qb6 10. Qxb6 axb6 11. Bf4 Nbd7 12. Ne5 g5 13. Nxd7 Nxd7 14. Bd2 Nf6
15. Rfe1 Ne4 16. Nxe4 Bxe4 17. f3 Bg6 18. e4 dxe4 19. fxe4 O-O 20. a3 Rad8 21.
Bc3 Bf6 22. Rad1 Bh5 23. Rd2 Rfe8 24. e5 Bg7 25. Rf1 Bg4 26. Rdf2 Be6 27. Be4
Bc4 28. Re1 Be6 29. Bf5 c5 30. Bxe6 fxe6 31. dxc5 bxc5 32. Ba5 Rd5 33. Bc7 Rf8
34. Bd6 Rxf2 35. Kxf2 Bf8 36. Bxf8 Kxf8 37. Re2 Ke7 38. Kf3 Kf7 39. g4 Ke7 40.
Ke4 Rd4+ 41. Kf3 Rf4+ 42. Kg3 Kd7 43. Rd2+ Rd4 44. Rxd4+ cxd4 45. Kf3 Kc6 46.
Ke4 d3 47. Kxd3 Kd5 48. a4 Kxe5 49. b4 Kd5 50. a5 Kc6 51. Kc4 Kc7 52. b5 Kd6
53. a6 bxa6 54. bxa6 Kc6 55. Kd4 1-0

[Event "262nd YMCA Summer B"]
[Site "Warsaw"]
[Date "2022.07.22"]
[Round "5"]
[White "Jaroszuk, Marcin"]
[Black "Przybylik, Mariusz"]
[Result "1-0"]
[WhiteElo "1483"]
[BlackElo "1058"]
[PlyCount "65"]
[EventDate "2022.06.29"]
[EventType "tourn"]
[EventRounds "1"]
[EventCountry "POL"]
[SourceDate "2022.07.01"]

1. f4 d5 2. Nf3 Nf6 3. e3 e6 4. Be2 c5 5. O-O Be7 6. b3 O-O 7. Bb2 Nc6 8. Ne5
Nd7 9. Nxc6 bxc6 10. d3 f5 11. Nd2 Bf6 12. Bxf6 Nxf6 13. Nf3 Ng4 14. Qd2 Ba6
15. h3 Nf6 16. Ne5 Bb7 17. Rad1 Nd7 18. Nxd7 Qxd7 19. e4 d4 20. Rde1 Rfe8 21.
Qa5 fxe4 22. dxe4 e5 23. Bc4+ Kh8 24. fxe5 Rxe5 25. Rf7 Re7 26. Ref1 h6 27.
Qxc5 Rae8 28. e5 Qd8 29. e6 Bc8 30. Qe5 Rg8 31. R1f6 gxf6 32. Qxf6+ Rg7 33.
Qxg7# 1-0

[Event "262nd YMCA Summer B"]
[Site "Warsaw"]
[Date "2022.07.27"]
[Round "5"]
[White "Zawadzki, Wojciech"]
[Black "Kwiek, Janusz"]
[Result "1/2-1/2"]
[WhiteElo "1343"]
[BlackElo "1432"]
[PlyCount "95"]
[EventDate "2022.06.29"]
[EventType "tourn"]
[EventRounds "1"]
[EventCountry "POL"]
[SourceDate "2022.07.01"]

1. d4 d6 2. c4 e5 3. dxe5 dxe5 4. Qxd8+ Kxd8 5. Nc3 Be6 6. b3 Nd7 7. Bb2 c6 8.
O-O-O Kc7 9. Nf3 f6 10. h3 h5 11. e3 Nh6 12. Bd3 g5 13. Bg6 Bf7 14. Bxf7 Nxf7
15. g4 Be7 16. Ne2 h4 17. Nd2 a5 18. f4 Nc5 19. Rhf1 Nd3+ 20. Kc2 Nxb2 21. Kxb2
Rad8 22. Ne4 Rxd1 23. Rxd1 Rd8 24. Rxd8 Bxd8 25. fxg5 Nxg5 26. Nxg5 fxg5 27. e4
Kd6 28. Ng1 Kc5 29. Nf3 Bf6 30. a3 b5 31. Kc3 bxc4 32. bxc4 Kb6 33. Ne1 Be7 34.
Kb3 Kc5 35. Kc3 Kb6 36. Nc2 Bc5 37. a4 Bf2 38. Na3 Kc5 39. Nc2 Bg3 40. Kd3 Bf4
41. Kc3 Bc1 42. Ne1 Be3 43. Nd3+ Kd6 44. Ne1 Kc5 45. Nd3+ Kd6 46. Ne1 Kc5 47.
Nd3+ Kd6 48. Ne1 1/2-1/2

[Event "262nd YMCA Summer B"]
[Site "Warsaw"]
[Date "2022.07.13"]
[Round "6"]
[White "Przybylik, Mariusz"]
[Black "Kozak, Jan"]
[Result "0-1"]
[WhiteElo "1058"]
[BlackElo "1303"]
[PlyCount "130"]
[EventDate "2022.06.29"]
[EventType "tourn"]
[EventRounds "1"]
[EventCountry "POL"]
[SourceDate "2022.07.01"]

1. d4 c5 2. Bf4 cxd4 3. Bxb8 Rxb8 4. Qxd4 Nf6 5. e3 Qc7 6. Nc3 e5 7. Qc4 Qxc4
8. Bxc4 Bb4 9. Nge2 b5 10. Bb3 Ne4 11. O-O Bxc3 12. Nxc3 Nxc3 13. bxc3 Ke7 14.
Rfd1 d6 15. a4 a5 16. axb5 Rxb5 17. Rd5 Rxd5 18. Bxd5 Be6 19. Bxe6 Kxe6 20.
Rxa5 Rc8 21. Ra3 Rb8 22. Ra1 Rb2 23. Rc1 Kd5 24. g3 Kc4 25. Ra1 Rb7 26. Ra3 d5
27. Kf1 Rb1+ 28. Ke2 Rc1 29. Kd2 Rf1 30. Ra4+ Kb5 31. Rb4+ Kc6 32. Ke2 Rc1 33.
Rb2 g5 34. Ra2 Kb6 35. Kf3 Rh1 36. Kg2 Rc1 37. h3 h5 38. Ra8 Rxc2 39. Rf8 Rxc3
40. Rxf7 d4 41. exd4 exd4 42. Rd7 Kc5 43. Kf1 Kc4 44. Re7 Kd3 45. f4 gxf4 46.
gxf4 Rc5 47. Re5 Rc1+ 48. Kf2 Kc3 49. f5 d3 50. Rc5+ Kd2 51. Rd5 Kc2 52. Rc5+
Kd1 53. Rd5 d2 54. f6 Rc6 55. Ke3 Re6+ 56. Kd3 Rxf6 57. Rxh5 Rd6+ 58. Ke3 Ke1
59. Rg5 Re6+ 60. Kf4 Rf6+ 61. Ke3 d1=Q 62. Rg1+ Rf1 63. Rg4 Qf3+ 64. Kd4 Qxh3
65. Re4+ Kd2 0-1

[Event "262nd YMCA Summer B"]
[Site "Warsaw"]
[Date "2022.07.25"]
[Round "6"]
[White "Berdyga, Mariusz"]
[Black "Iller, Robert"]
[Result "1-0"]
[WhiteElo "1401"]
[BlackElo "1481"]
[PlyCount "45"]
[EventDate "2022.06.29"]
[EventType "tourn"]
[EventRounds "1"]
[EventCountry "POL"]
[SourceDate "2022.07.01"]

1. e4 c5 2. Nf3 Nc6 3. Bb5 a6 4. Bxc6 dxc6 5. h3 g6 6. O-O Bg7 7. d3 Nf6 8. Be3
b6 9. Qc1 h5 10. Nbd2 Ng4 11. hxg4 hxg4 12. Ng5 Qc7 13. g3 f6 14. d4 cxd4 15.
Bxd4 e5 16. Be3 fxg5 17. Nc4 Bf6 18. Kg2 b5 19. Nb6 Rh2+ 20. Kxh2 Qh7+ 21. Kg1
Bb7 22. Nxa8 c5 23. Nc7+ 1-0

[Event "262nd YMCA Summer B"]
[Site "Warsaw"]
[Date "2022.07.29"]
[Round "6"]
[White "Jaroszuk, Marcin"]
[Black "Zawadzki, Wojciech"]
[Result "0-1"]
[WhiteElo "1483"]
[BlackElo "1343"]
[PlyCount "114"]
[EventDate "2022.06.29"]
[EventType "tourn"]
[EventRounds "1"]
[EventCountry "POL"]
[SourceDate "2022.07.01"]

1. f4 d5 2. Nf3 Nf6 3. e3 c5 4. Be2 Nc6 5. O-O Bg4 6. Ne5 Bxe2 7. Qxe2 Qc7 8.
Nxc6 Qxc6 9. d3 e6 10. Nd2 Bd6 11. e4 dxe4 12. dxe4 Bc7 13. e5 Nd5 14. Ne4
O-O-O 15. Bd2 c4 16. Kh1 Rd7 17. Be1 f5 18. Nd2 c3 19. Nc4 b5 20. Nd6+ Bxd6 21.
exd6 cxb2 22. Rb1 a6 23. Qxe6 Qxd6 24. Qxd6 Rxd6 25. Rxb2 Re8 26. Bb4 Rc6 27.
Bd2 Re2 28. c3 Ne3 29. Bxe3 Rxb2 30. a3 Ra2 31. Bd4 g6 32. Re1 Rxa3 33. Kg1 Kd7
34. Be5 Raxc3 35. Bxc3 Rxc3 36. Ra1 Rc6 37. Kf2 Kc7 38. Ke3 Rd6 39. Kf3 b4 40.
Re1 a5 41. Re7+ Kc6 42. Rxh7 b3 43. Rh8 a4 44. Rb8 Rd5 45. Rb4 Rb5 46. Rxa4 b2
47. Ra6+ Kb7 48. Rxg6 b1=Q 49. Kg3 Qe1+ 50. Kh3 Rb3+ 51. g3 Qf1+ 52. Kh4 Rb6
53. Rg7+ Ka6 54. Rg8 Rh6+ 55. Kg5 Qh3 56. Ra8+ Kb7 57. Ra7+ Kxa7 0-1

[Event "262nd YMCA Summer B"]
[Site "Warsaw"]
[Date "2022.07.28"]
[Round "7"]
[White "Zawadzki, Wojciech"]
[Black "Przybylik, Mariusz"]
[Result "1-0"]
[WhiteElo "1343"]
[BlackElo "1058"]
[PlyCount "93"]
[EventDate "2022.06.29"]
[EventType "tourn"]
[EventRounds "1"]
[EventCountry "POL"]
[SourceDate "2022.07.01"]

1. d4 d5 2. c4 e6 3. Nf3 c5 4. cxd5 exd5 5. e3 Nf6 6. Nc3 Nc6 7. Be2 cxd4 8.
Nxd4 Bb4 9. Bd2 O-O 10. Nc2 Bxc3 11. Bxc3 Ne4 12. O-O Nxc3 13. bxc3 Be6 14. Nd4
Qa5 15. Qb3 Nxd4 16. cxd4 b6 17. Bf3 Rac8 18. Rfc1 Rc4 19. Be2 Rxc1+ 20. Rxc1
Rc8 21. Rxc8+ Bxc8 22. Qb5 Qxb5 23. Bxb5 Bb7 24. f3 Kf8 25. Bd3 h6 26. e4 dxe4
27. fxe4 Ke7 28. g3 f6 29. Kf2 a6 30. Ke3 b5 31. Kf4 Bc8 32. a3 g5+ 33. Ke3 Kd6
34. Kd2 Kc6 35. Kc3 Kb6 36. h4 Bd7 37. Bc2 a5 38. Bb3 a4 39. Bf7 Kc6 40. e5
fxe5 41. dxe5 Bg4 42. Kb4 gxh4 43. gxh4 Be2 44. Be8+ Kb6 45. e6 Bc4 46. e7 Kc7
47. Bh5 1-0

[Event "262nd YMCA Summer B"]
[Site "Warsaw"]
[Date "2022.06.29"]
[Round "7"]
[White "Kozak, Jan"]
[Black "Berdyga, Mariusz"]
[Result "1/2-1/2"]
[WhiteElo "1303"]
[BlackElo "1401"]
[PlyCount "44"]
[EventDate "2022.06.29"]
[EventType "tourn"]
[EventRounds "1"]
[EventCountry "POL"]
[SourceDate "2022.07.01"]

1. b3 Nf6 2. Bb2 d5 3. e3 Bf5 4. c4 e6 5. Nf3 c5 6. cxd5 Nxd5 7. Bb5+ Nc6 8.
Bxc6+ bxc6 9. d4 Qf6 10. Nbd2 Nb4 11. O-O Bd3 12. a3 Bxf1 13. Qxf1 Nd5 14. Qa6
Nb6 15. Nc4 Qd8 16. dxc5 Bxc5 17. Bxg7 Rg8 18. Bd4 Bxd4 19. Nxd4 Qd5 20. g3
Nxc4 21. bxc4 Qd7 22. Rb1 Qc8 $11 1/2-1/2

[Event "262nd YMCA Summer B"]
[Site "Warsaw"]
[Date "2022.08.05"]
[Round "8"]
[White "Jaroszuk, Marcin"]
[Black "Kwiek, Janusz"]
[Result "1/2-1/2"]
[WhiteElo "1483"]
[BlackElo "1432"]
[PlyCount "216"]
[EventDate "2022.06.29"]
[EventType "tourn"]
[EventRounds "1"]
[EventCountry "POL"]
[SourceDate "2022.07.01"]

1. d4 d6 2. Nf3 Nf6 3. g3 g6 4. Bg2 Bg7 5. O-O O-O 6. c4 c5 7. dxc5 dxc5 8. Nc3
Nc6 9. Be3 Qa5 10. Qc1 Ng4 11. Bd2 Nge5 12. Nd5 Qd8 13. Rd1 Nxf3+ 14. Bxf3 Nd4
15. Bh6 e6 16. Nc3 Nxf3+ 17. exf3 Qf6 18. Kg2 b6 19. Bxg7 Kxg7 20. Ne4 Qe5 21.
Nd6 Ba6 22. b3 Rad8 23. Qa3 Rxd6 24. Qxa6 Rxd1 25. Rxd1 Qc7 26. Qa4 a5 27. Qd7
Qxd7 28. Rxd7 Rb8 29. f4 h5 30. Kf3 Kf8 31. Ke4 b5 32. Ke5 bxc4 33. bxc4 Kg7
34. Ra7 Rb4 35. Rxa5 Rxc4 36. Kd6 Rc2 37. a4 c4 38. Rc5 c3 39. a5 Ra2 40. Kc7
c2 41. Kb6 Rb2+ 42. Ka7 Kf6 43. a6 Ke7 44. Ka8 Kd6 45. Rc8 Rb6 46. Rxc2 Rxa6+
47. Kb7 Ra3 48. h3 Ke7 49. Re2 Kf6 50. Kc6 Rd3 51. Kc5 Rd5+ 52. Kc4 Kf5 53. Kc3
h4 54. Re1 g5 55. fxg5 Kxg5 56. Re4 hxg3 57. fxg3 e5 58. Kc4 Ra5 59. Kb4 Kf5
60. Re2 Rd5 61. Kc4 Rd4+ 62. Kc3 f6 63. Rf2+ Kg6 64. Rd2 Ra4 65. Rd3 Kf5 66.
Rf3+ Kg6 67. Kd2 f5 68. Re3 e4 69. Rc3 Kg5 70. Ke3 Ra2 71. Rc8 Ra3+ 72. Kf2
Ra2+ 73. Ke3 Ra3+ 74. Kf2 Rf3+ 75. Kg2 Ra3 76. Kf2 Kh5 77. Rh8+ Kg6 78. Rb8 Ra6
79. Ke3 Ra3+ 80. Kf2 Ra7 81. Rb6+ Kg5 82. Rb8 Rh7 83. Rg8+ Kf6 84. h4 Kf7 85.
Ra8 Kf6 86. Ra5 f4 87. gxf4 Rxh4 88. Ke3 Kf7 89. Kxe4 Rh6 90. Ra7+ Kf8 91. Ke5
Rb6 92. f5 Rc6 93. Kf4 Rb6 94. Kg5 Rc6 95. Ra8+ Kf7 96. Rb8 Ra6 97. Rb7+ Kf8
98. Rb4 Kf7 99. Rh4 Kf8 100. Rh6 Rxh6 101. Kxh6 Kf7 102. Kg5 Kg7 103. f6+ Kf7
104. Kf5 Kf8 105. Ke6 Ke8 106. Kd5 Kf7 107. Ke4 Ke6 108. Kd3 Kxf6 1/2-1/2

[Event "262nd YMCA Summer B"]
[Site "Warsaw"]
[Date "2022.08.10"]
[Round "8"]
[White "Berdyga, Mariusz"]
[Black "Kozak, Jan"]
[Result "1-0"]
[WhiteElo "1401"]
[BlackElo "1303"]
[PlyCount "65"]
[EventDate "2022.06.29"]
[EventType "tourn"]
[EventRounds "1"]
[EventCountry "POL"]
[SourceDate "2022.07.01"]

1. d4 Nf6 2. c4 g6 3. Nc3 Bg7 4. e4 d6 5. Nf3 O-O 6. h3 c5 7. Be3 cxd4 8. Nxd4
a6 9. Be2 Nbd7 10. Rc1 Nc5 11. Bf3 e5 12. Nb3 Nxb3 13. Qxb3 Be6 14. Nd5 Bxd5
15. cxd5 b5 16. O-O Nd7 17. Rc6 Nb8 18. Bb6 Qe7 19. Rc7 Nd7 20. Qc3 Qd8 21. Ba5
f5 22. Rc1 Qe8 23. Qc6 Nf6 24. Qxd6 fxe4 25. Re7 Rd8 26. Qe6+ Kh8 27. Rxe8
Rdxe8 28. Qxa6 exf3 29. d6 Re6 30. gxf3 Ne8 31. Rc6 e4 32. d7 Rxc6 33. Qxc6 1-0

[Event "262nd YMCA Summer B"]
[Site "Warsaw"]
[Date "2022.08.10"]
[Round "9"]
[White "Berdyga, Mariusz"]
[Black "Jaroszuk, Marcin"]
[Result "1/2-1/2"]
[WhiteElo "1401"]
[BlackElo "1483"]
[PlyCount "40"]
[EventDate "2022.06.29"]
[EventType "tourn"]
[EventRounds "1"]
[EventCountry "POL"]
[SourceDate "2022.07.01"]

1. c4 Nf6 2. Nc3 g6 3. d4 Bg7 4. e4 d6 5. Nf3 Bg4 6. Be2 O-O 7. O-O Nc6 8. d5
Bxf3 9. Bxf3 Ne5 10. Be2 h5 11. Bg5 Nh7 12. Be3 Nf6 13. Bg5 c6 14. Rc1 Re8 15.
b4 Rc8 16. Qd2 Kh7 17. h3 Rb8 18. f4 Ned7 19. Qe3 Qb6 20. Qxb6 axb6 1/2-1/2

[Event "262nd YMCA Summer B"]
[Site "Warsaw"]
[Date "2022.08.10"]
[Round "9"]
[White "Kozak, Jan"]
[Black "Kwiek, Janusz"]
[Result "1-0"]
[WhiteElo "1303"]
[BlackElo "1432"]
[PlyCount "65"]
[EventDate "2022.06.29"]
[EventType "tourn"]
[EventRounds "1"]
[EventCountry "POL"]
[SourceDate "2022.07.01"]

1. f4 Nf6 2. Nf3 c5 3. g3 g6 4. Bg2 Bg7 5. O-O Nc6 6. d3 d5 7. Qe1 O-O 8. e4
dxe4 9. dxe4 Qb6 10. c3 Rd8 11. Na3 Rb8 12. Nc4 Qc7 13. Nh4 Be6 14. Ne3 Ng4 15.
f5 Nxe3 16. Bxe3 Bc4 17. fxg6 hxg6 18. Rf2 b6 19. Bf4 e5 20. Bg5 Rd7 21. Bh3
Rd6 22. b3 Be6 23. Bxe6 Rxe6 24. Qe3 Qd7 25. Raf1 Rf8 26. Bh6 Rd6 27. Bxg7 Kxg7
28. Qg5 Kh7 29. Ng2 Rd1 30. Ne3 Rxf1+ 31. Rxf1 Kg7 32. Nf5+ Kh7 33. Qh6+ 1-0